=LDR 00000nam 2200000 4500 =001 INLIS000000000001929 =005 20130612090316 =008 ***********************************Ind** =035 ##$$0010-061300000001929 =041 ##$$a Ind =082 ##$$a 613.7 =090 ##$$a 613.7, Jos i =100 ##$$a Josaputra,K.T =245 ##$$a Interaksi antara proses menua, olah raga dan kesehatan, K.T.Josaputra =260 ##$$a 1987 $b Jakarta =300 ##$$a xv,129 hlm, ilus, 21 cm =650 ##$$a Olah Raga dan Kesehatan =850 ##$$a NBPNMAT